| 000 | 00524nam a2200193Ia 4500 | ||
|---|---|---|---|
| 005 | 20240823033200.0 | ||
| 008 | 240823s9999||||xx |||||||||||||| ||und|| | ||
| 020 | _a978-81-317-6680-4 | ||
| 041 | _aENGLISH | ||
| 082 | _A624.068 Q2 | ||
| 100 | _aFrederick E Gould | ||
| 245 | 0 | _a"Managing the Construction Process Estimating, Scheduling and Project Control" | |
| 250 | _a4th | ||
| 260 |
_c2012 _bPearson Education Internat |
||
| 500 | _aTRANSFERED | ||
| 650 |
_aConstruction _bCivil |
||
| 942 | _cBK | ||
| 999 |
_c195205 _d195205 |
||